A Portfolio of outdoor furnishing ideas

Bibliographic Details
Format: Book
Published: Minnesota : Creative Publishing , 1997
Subjects:

MARC

LEADER 00000cam a2200000 7i4500
001 0000048310
005 20080124.0
020 |a 0865738858 
090 0 0 |a 747.9   |b POR 
245 0 2 |a A Portfolio of outdoor furnishing ideas 
260 |a Minnesota :   |b Creative Publishing ,   |c 1997 
300 |a 96p. ;   |c 27cm. 
650 0 0 |a Landscaping architecture 
650 0 0 |a Landscaping gardening 
999 |a 00094023   |b BUKU   |c PINJAMAN   |e PERPUSTAKAAN KOMUNITI PETALING JAYA 
999 |a 00094024   |b BUKU   |c PINJAMAN   |e PERPUSTAKAAN KOMUNITI PETALING JAYA